<?xml version="1.0" encoding="UTF-8"?>
<record
    xmlns:xsi="http://www.w3.org/2001/XMLSchema-instance"
    xsi:schemaLocation="http://www.loc.gov/MARC21/slim http://www.loc.gov/standards/marcxml/schema/MARC21slim.xsd"
    xmlns="http://www.loc.gov/MARC21/slim">

  <leader>00772namaa22001811  4500</leader>
  <controlfield tag="001">174014</controlfield>
  <controlfield tag="003">ES-MaACL</controlfield>
  <controlfield tag="005">20230906215420.0</controlfield>
  <controlfield tag="008">100205s1907    sp      r    |||| | spa d</controlfield>
  <datafield tag="100" ind1="1" ind2=" ">
    <subfield code="a">&#xC1;lvarez Quintero, Seraf&#xED;n,</subfield>
    <subfield code="d">1871-1938</subfield>
    <subfield code="9">226443</subfield>
  </datafield>
  <datafield tag="245" ind1="1" ind2="3">
    <subfield code="a">La zancadilla / </subfield>
    <subfield code="c">entrem&#xE9;s de Seraf&#xED;n y Joaqu&#xED;n &#xC1;lvarez Quintero.</subfield>
  </datafield>
  <datafield tag="260" ind1=" " ind2=" ">
    <subfield code="a">Madrid : </subfield>
    <subfield code="b">Sociedad de Autores Espa&#xF1;oles, </subfield>
    <subfield code="c">1907 (</subfield>
    <subfield code="f">R. Velasco)</subfield>
  </datafield>
  <datafield tag="300" ind1=" " ind2=" ">
    <subfield code="a">16 p., 2 h. ; </subfield>
    <subfield code="c">20 cm.</subfield>
  </datafield>
  <datafield tag="500" ind1=" " ind2=" ">
    <subfield code="a">En port.: Estrenado en el teatro Espa&#xF1;ol el 23 de marzo de 1907.</subfield>
  </datafield>
  <datafield tag="700" ind1="1" ind2=" ">
    <subfield code="a">&#xC1;lvarez Quintero, Seraf&#xED;n,</subfield>
    <subfield code="d">1871-1938</subfield>
    <subfield code="9">226443</subfield>
  </datafield>
  <datafield tag="852" ind1=" " ind2=" ">
    <subfield code="a">ES-MaACL</subfield>
    <subfield code="j">F-8644(9) </subfield>
    <subfield code="z">.- Enc. hol. </subfield>
    <subfield code="z">.- Enc. en un vol. facticio formando parte de la col. facticia "Teatro espa&#xF1;ol moderno" v. 101</subfield>
  </datafield>
  <datafield tag="999" ind1=" " ind2=" ">
    <subfield code="c">174014</subfield>
    <subfield code="d">174014</subfield>
  </datafield>
  <datafield tag="952" ind1=" " ind2=" ">
    <subfield code="0">0</subfield>
    <subfield code="1">0</subfield>
    <subfield code="4">0</subfield>
    <subfield code="7">0</subfield>
    <subfield code="a">ATENEOM</subfield>
    <subfield code="b">ATENEOM</subfield>
    <subfield code="c">SPP2</subfield>
    <subfield code="d">2010-02-05</subfield>
    <subfield code="e">SC</subfield>
    <subfield code="l">0</subfield>
    <subfield code="o">F-8644(9)</subfield>
    <subfield code="p">1182662</subfield>
    <subfield code="r">2023-02-23 00:00:00</subfield>
    <subfield code="w">2023-02-23</subfield>
    <subfield code="y">MONOGRAFIA</subfield>
  </datafield>
</record>
